000 00404nam a2200145Ia 4500
008 230917s9999||||xx |||||||||||||| ||und||
040 _e129209
_aMAIN
041 _aEnglish
082 _a342.7 C36V
100 _aChander, Shailja
245 0 _aJustice V.R. Krishan Iyer on fundamental right and directive principles
260 _aNew Delhi
_bDeep & Deep
_c2003
300 _axiv, 322p p.
942 _cBK
999 _c109123
_d109123